Nirmal bhakat : (Record no. 8466)

MARC details
000 -LEADER
fixed length control field 00549cam a2200193ua 4500
001 - CONTROL NUMBER
control field 9419
005 - DATE AND TIME OF LATEST TRANSACTION
control field 20260515114450.0
008 - FIXED-LENGTH DATA ELEMENTS--GENERAL INFORMATION
fixed length control field 150904n ii |||gr||||Z||||||asm
040 ## - CATALOGING SOURCE
Transcribing agency MAIN
041 ## - LANGUAGE CODE
Language code of text/sound track or separate title asm
082 ## - DEWEY DECIMAL CLASSIFICATION NUMBER
Classification number 891.4513N
100 ## - MAIN ENTRY--PERSONAL NAME
Personal name Bordoloi, Rajani Kanta,
Relator term Author.
245 1# - TITLE STATEMENT
Title Nirmal bhakat :
Remainder of title asomot dittiyobar maanor aakromonor ghotona /
Statement of responsibility, etc. by Rajani Kanta Bordoloi .
260 ## - PUBLICATION, DISTRIBUTION, ETC.
Place of publication, distribution, etc. Guwahati:
Name of publisher, distributor, etc. Sahitya prakash.
300 ## - PHYSICAL DESCRIPTION
Extent 57p.
653 ## - INDEX TERM--UNCONTROLLED
Uncontrolled term East Indo-European & Celtic literatures
653 ## - INDEX TERM--UNCONTROLLED
Uncontrolled term Historical novel
942 ## - ADDED ENTRY ELEMENTS (KOHA)
Koha item type Books
Holdings
Withdrawn status Lost status Damaged status Not for loan Home library Current library Shelving location Date acquired Total checkouts Full call number Barcode Date last seen Copy number Price effective from Koha item type
        Naharkatiya College Library Naharkatiya College Library General stacks 09/19/2020   891.451N | BOR 19292 09/19/2020 1 09/19/2020 Books